000 00701cam a2200193 4500
001 WB3626-08
008 000000n2000 000 0 eng u
035 _a(Sirsi) u107015
245 _aWarehouse rental growth
260 _c2000
490 _aRetail Week
_v 30 June 2000, 29(1)
520 _aRetail warehouse rents increased 10% according to the GVA Grimley/Retail Week Retail Warehouse Index. The north of England is experiencing the highest growth with average rents up 14.5 % this year. Table.
590 _aWB
650 _aRETAIL WAREHOUSE MARKET
650 _aRENTAL GROWTH
650 _aGVA GRIMLEY
690 _aPROPERTY-COMMERCIAL PROPERTY-COMMERCIAL PROPERTY MARKET
942 _n0
999 _c63988
_d63988